Normal view
MARC view
- Afshan Qamar (00000171530)
Entry Personal Name
001 - CONTROL NUMBER
- control field: 116394
003 - CONTROL NUMBER IDENTIFIER
- control field: NUST
005 - DATE AND TIME OF LATEST TRANSACTION
- control field: 20230912165940.0
008 - FIXED-LENGTH DATA ELEMENTS
- fixed length control field: 230912|| aca||aabn | a|a d
040 ## - CATALOGING SOURCE
- Original cataloging agency: NUST
- Transcribing agency: NUST
100 ## - HEADING--PERSONAL NAME
- Personal name: Afshan Qamar (00000171530)
670 ## - SOURCE DATA FOUND
- Source citation: Work cat.: (NUST): Afshan Qamar (00000171530), Determination of optimal online degradation rate computation model for PV systems /, 2018
